000 00454nam a2200157 i 4500
001 87947
003 ES-MaACL
005 20230906175755.0
007 t|
008 041228s1981 sp ||||1| spa d
100 1 _aLachaga, José María.
_969356
245 1 0 _aIglesias particulares y grupos étnicos /
_cJosé María Lachaga.
260 _aBilbao :
_bDesclée de Brouwer,
_c[1981]
300 _a147 p. ;
_c21 cm.
852 _aES-MaACL
_jL-1431
_bR.102312
999 _c87947
_d87947